| 000 | 01382nam a22002297a 4500 | ||
|---|---|---|---|
| 005 | 20230316162126.0 | ||
| 008 | 230301b ||||| |||| 00| 0 eng d | ||
| 020 | _a9781319114657 | ||
| 040 | _cAL | ||
| 041 | _aeng | ||
| 082 |
_223 _a574.192 _bBERB |
||
| 100 |
_aJeremy M. Berg _973786 |
||
| 245 | _aBiochemistry | ||
| 250 | _a9th ed. | ||
| 260 |
_aAmerica _bMacmillan International Higher Education _c2019 |
||
| 300 |
_axlii,860p. _bHB _c28x21cm. |
||
| 365 |
_2General _aABDI/0658/23 _b₹5794.00 _c₹ _d₹7725.00 _e25% _f13/02/2023 |
||
| 520 | _aFor four decades, this extraordinary textbook played a pivotal role in the way biochemistry is taught, offering exceptionally clear writing, and innovative graphics, coverage of the latest research techniques and advances, and a signature emphasis on physiological and medical relevance. Those defining features are at the heart of this new edition. Paired for the first time with SaplingPlus the most innovative digital solution for biochemistry students. Offering the best combination of resources to help students visualise material and develop successful problem-solving skills in an effort to help students master complex concepts in isolation, and draw on that mastery to make connections across concepts. | ||
| 650 |
_2Biochemistry _aBiochemistry _975967 |
||
| 700 |
_aTymoczko, John L; et al _973787 |
||
| 942 |
_2ddc _cBK |
||
| 999 |
_c226857 _d226857 |
||